Countries That Produce The Most Root Vegetables - Statistics

General Stats
  • This quiz has been taken 848 times
  • The average score is 13 of 20
Answer Stats
% Of Total Produced Answer % Correct
6.73% United States
99%
21.0% China
96%
1.42% United Kingdom
95%
2.35% France
93%
3.56% Canada
90%
2.15% Germany
90%
5.19% Spain
89%
7.46% Italy
87%
4.28% Mexico
87%
1.46% Poland
80%
3.42% Australia
74%
0.99% Portugal
65%
15.2% Netherlands
63%
4.14% Belgium
59%
1.97% Denmark
43%
1.01% Hungary
39%
1.65% Belarus
29%
4.16% Israel
10%
0.96% Guatemala
9%
1.74% Uzbekistan
5%
No matching quizzes found
Score Distribution
Percent of People with Each Score
Percentile by Number Answered
Your Score History
You have not taken this quiz